Holiday Quiz

Random Holiday or Halloween Quiz
Score 0/18 Timer 05:00
0 Plays Today
% Correct
Bill Clinton
97%
Barack Obama
95.2%
Ronald Reagan
93.1%
Donald Trump
92.9%
Hillary Clinton
92.5%
Sarah Palin
90.4%
Richard Nixon
86.5%
John F. Kennedy
83.5%
George W. Bush
80.8%
% Correct
Bernie Sanders
73.9%
Arnold Schwarzenegger
71.9%
Dick Cheney
67.1%
Joe Biden
63%
Chris Christie
61.2%
Mitt Romney
57.6%
Newt Gingrich
45.2%
Rudy Giuliani
37.1%
Al Gore
21.7%

You're not logged in!

Compare scores with friends on all Sporcle quizzes.
OR
Log In

Sporcle TV

Today on Sporcle TV


Watch our educational content, quiz creation guides, and fun videos on Sporcle TV.

Show Comments

Extras

Top Quizzes Today


Score Distribution

Paid Content

Your Account Isn't Verified!

In order to create a playlist on Sporcle, you need to verify the email address you used during registration. Go to your Sporcle Settings to finish the process.

Report this User

Report this user for behavior that violates our Community Guidelines.

Details: